can you name the north american capitals - Statistics

General Stats
  • This quiz has been taken 8 times
  • The average score is 22 of 23
Answer Stats
country Answer % Correct
belize belmopan
100%
barbados bridgetown
100%
united states of america dc
100%
guatemala guatemala city
100%
cuba havana
100%
jamaica kingston
100%
st Vincent and the grenadines kingstown
100%
nicaragua managua
100%
mexico mexico city
100%
bahamas nassau
100%
canada ottawa
100%
panama panama city
100%
dominica roseau
100%
el salvador san salvador
100%
honduras tegucigalpa
100%
st kitts and nevis basseterre
86%
st lucia castries
86%
haiti port-au-prince
86%
trinidad and tobago port-of-spain
86%
costa rica san jose
86%
dominican republic santo domingo
86%
grenada st georges
86%
Antigua and Barbuda saint johns
71%
No matching quizzes found
Score Distribution
Percent of People with Each Score
Percentile by Number Answered
Your Score History
You have not taken this quiz